000 00854nam a2200241 a 4500
001 000019382
005 20200929170013.0
008 100628s1973 ag r 000 f spa d
040 _aDO-SdBNP
_bspa
_cBNPHU
082 _a842.914
_bC668m
100 1 _aCocteau, Jean,
_d1889-1963
_913430
245 1 4 _aLos monstruos sagrados, la máquina de escribir /
_cJean Cocteau ; traducción Aurora bernárdez.
250 _a4a ed.
260 _aBuenos Aires, Argentina :
_bEditorial Losada,
_c1973.
300 _a174 p. ;
_c18 cm.
490 1 _aBiblioteca clásica y contemporánea
500 _aIncluye referencia biográfica del autor en la contra cubierta.
650 4 _aTeatro frances
_95359
650 4 _aLiteratura francesa
_91074
700 1 _aBernárdez, Aurora,
_etr.
_913434
830 0 _aBiblioteca clásica y contemporánea
_913431
049 _aBNGR
999 _c18899
_d18899